Yakuza : (Record no. 20276)

MARC details
000 -LEADER
fixed length control field 01107cam a2200337 a 4500
001 - CONTROL NUMBER
control field 1443753
003 - CONTROL NUMBER IDENTIFIER
control field OSt
005 - DATE AND TIME OF LATEST TRANSACTION
control field 20211126091837.0
008 - FIXED-LENGTH DATA ELEMENTS--GENERAL INFORMATION
fixed length control field 851119s1986 mauf b 001 0 eng
010 ## - LIBRARY OF CONGRESS CONTROL NUMBER
LC control number 85028664
020 ## - INTERNATIONAL STANDARD BOOK NUMBER
International Standard Book Number 0201111519 :
Terms of availability $18.95 (est.)
040 ## - CATALOGING SOURCE
Original cataloging agency DLC
Transcribing agency HU
Modifying agency DLC
043 ## - GEOGRAPHIC AREA CODE
Geographic area code a-ja---
050 10 - LIBRARY OF CONGRESS CALL NUMBER
Classification number HV6453.J33
Item number Y355 1986
082 00 - DEWEY DECIMAL CLASSIFICATION NUMBER
Classification number 364.1/06/052
Edition number 19
100 1# - MAIN ENTRY--PERSONAL NAME
Personal name Kaplan, David E.,
Dates associated with a name 1955-
9 (RLIN) 20665
245 10 - TITLE STATEMENT
Title Yakuza :
Remainder of title the explosive account of Japan's criminal underworld /
Statement of responsibility, etc. David E. Kaplan and Alec Dubro.
260 ## - PUBLICATION, DISTRIBUTION, ETC.
Place of publication, distribution, etc. Reading, Mass. :
Name of publisher, distributor, etc. Addison-Wesley,
Date of publication, distribution, etc. c1986.
300 ## - PHYSICAL DESCRIPTION
Extent xi, 336 p., [20], p. of plates ;
Dimensions 25 cm.
500 ## - GENERAL NOTE
General note Includes index.
504 ## - BIBLIOGRAPHY, ETC. NOTE
Bibliography, etc. note Bibliography: p. 315-321.
590 ## - LOCAL NOTE (RLIN)
Local note In English.
650 #0 - SUBJECT ADDED ENTRY--TOPICAL TERM
Topical term or geographic name entry element Yakuza
Geographic subdivision Japan
General subdivision History.
9 (RLIN) 20666
650 #0 - SUBJECT ADDED ENTRY--TOPICAL TERM
Topical term or geographic name entry element Yakuza
General subdivision History.
9 (RLIN) 20667
650 #0 - SUBJECT ADDED ENTRY--TOPICAL TERM
Topical term or geographic name entry element Organized crime
Geographic subdivision Japan
General subdivision History.
9 (RLIN) 20668
650 #0 - SUBJECT ADDED ENTRY--TOPICAL TERM
Topical term or geographic name entry element Crime
Geographic subdivision Japan
General subdivision History.
9 (RLIN) 20669
650 #0 - SUBJECT ADDED ENTRY--TOPICAL TERM
Topical term or geographic name entry element Gangs
Geographic subdivision Japan
General subdivision History.
9 (RLIN) 20670
700 1# - ADDED ENTRY--PERSONAL NAME
Personal name Dubro, Alec.
9 (RLIN) 20671
906 ## - LOCAL DATA ELEMENT F, LDF (RLIN)
a 7
b cbc
c orignew
d 1
e ocip
f 19
g y-gencatlg
942 ## - ADDED ENTRY ELEMENTS (KOHA)
Source of classification or shelving scheme Dewey Decimal Classification
Koha item type Books like text book referance book
Suppress in OPAC No
Holdings
Withdrawn status Lost status Source of classification or shelving scheme Damaged status Not for loan Home library Current library Shelving location Date acquired Total Checkouts Full call number Barcode Date last seen Copy number Price effective from Koha item type
    Dewey Decimal Classification     Social Library Social Library General Stacks 11/26/2021   364.106'052/KAP SHLIB 00003160 11/26/2021 1 11/26/2021 Books like text book referance book